000 00690nam a2200289Ia 4500
005 20260324135137.0
008 008 260324s9999 xx 000 0 eng d
020 _a9781315190495
037 _aEBOOK
040 _aCRL
040 _beng
040 _cCRL
041 _2eng
041 _aeng
084 _qCRL
100 _aSophie Gilliat-Ray
_91199502
245 0 _aReligion in Higher Education
245 4 _bThe Politics of the Multi-Faith Campus
260 _bTaylor and Francis
260 _c2000
365 _a
365 _b170
856 _uhttp://www.taylorfrancis.com/books/9781315190495
942 _cEBOOK
999 _c1800270
_d1800270